000 00901nam a2200205 u 4500
001 000238348
003 AM-YeHGA
005 20250618071613.0
008 030623s1948 ai r 000 0 arm d
040 _aAM-YeHGA
100 1 _aԶաքարյան, Բ.
245 1 0 _aԴպրոցական գրադարանի տեխնիկան :
_b(Համառոտ ցուցումներ) /
_cԲ. Զաքարյան; Հայկ. ՍՍՌ Լուսավոր. Մինիստրություն; Ռեսպուբլիկ. Մանկ. կաբինետ.
260 _aԵրևան :
_bԱ. հ.,
_c1948.
300 _a61 էջ :
_bնկ., աղս. ;
_c21 սմ.
504 _aՄատենագիտ.՝ էջ 61
650 1 4 _aԳրադարանային գործ
_9246
710 2 _aՀայկական ՍՍՌ Լուսավորության Մինիստրություն
710 2 _aՌեսպուբլիկական Մանկավարժական կաբինետ
090 _c85621
999 _c84344
_d84344